| 000 | 00703nam a2200205 a 4500 | ||
|---|---|---|---|
| 001 | BRCA_777 | ||
| 005 | 20190320203139.0 | ||
| 008 | 241005s2001----mx-a---###---#000-0#spa-d | ||
| 050 | 4 |
_aF1340 _b.F47 2001 |
|
| 100 | 1 |
_aFernández, Miguel Ángel _92584 |
|
| 245 | 1 | 0 |
_aEl mar de Cortés _cMiguel Ángel Fernández ; fotografía Michel Zabé Tachi ; fotografía ecológica Rafael Cervantes. |
| 260 |
_aMéxico _bVitro Corporativo _c2001 |
||
| 300 |
_a172 p. _bil. _c32 cm. |
||
| 504 | _aBibliografía : p. 171 | ||
| 650 | 1 | 4 |
_aMar de Cortés _xExploración _92585 |
| 651 | 4 |
_aMéxico _xDescripción y viajes _9103 |
|
| 700 | 1 |
_aZabé Tachi, Michel _92586 |
|
| 700 | 1 |
_aCervantes, Rafael _92587 |
|
| 942 |
_2lcc _cB |
||
| 999 |
_c674 _d674 |
||